| 000 | 00445nam a22001217a 4500 | ||
|---|---|---|---|
| 082 | _a200 THE | ||
| 100 |
_aMaryum Hamdani _915727 |
||
| 245 | _aTH-SOF-1499-Automated Interaction Flow Modeling Language (IFML) Models Generation from Software Specifications Written in Natural Language | ||
| 260 |
_aIslamabad _bNUST College of EME _c2018 |
||
| 650 |
_a MS-CSE-15 MSTHESIS _969366 |
||
| 700 |
_aSupervisor Dr. Wasi Haider Butt _969491 |
||
| 942 | _cCF | ||
| 999 |
_c577450 _d577450 |
||